Statistics for Nations that have competed in the IIHF at least once

Click here to take the quiz!

General Stats

  • This quiz has been taken 296 times
    (274 since last reset)
  • The average score is 45 of 57

Answer Stats

HintAnswer% Correct
4Canada
100%
6United States
100%
2Finland
98%
3Russia
98%
1Sweden
98%
22Great Britain
97%
12France
96%
18Italy
96%
21Japan
96%
10Norway
96%
8Slovakia
96%
15Denmark
95%
13Germany
94%
16Austria
93%
5Czech Republic
92%
9Latvia
92%
30Spain
92%
7Switzerland
92%
38China
91%
14Slovenia
91%
23South Korea
91%
11Belarus
90%
24Poland
90%
19Hungary
88%
20Ukraine
87%
29Estonia
86%
26Lithuania
86%
25Netherlands
85%
33Mexico
84%
34Australia
83%
36Belgium
83%
28Croatia
83%
27Romania
82%
31Serbia
80%
35Iceland
79%
17Kazakhstan
79%
44Ireland
78%
46Greece
75%
39Bulgaria
74%
Not Currently a CountryCzechoslovakia
74%
Not Currently a CountrySoviet Union
73%
41Turkey
73%
37New Zealand
71%
43North Korea
70%
Not Currently RankedBosnia and Herzegovina
69%
Not Currently a CountryYugoslavia
69%
40South Africa
64%
42Luxembourg
59%
Not Currently a CountryWest Germany
59%
Not Currently a CountryEast Germany
58%
49Mongolia
57%
47Georgia
54%
32Israel
52%
Not Currently RankedArmenia
49%
45United Arab Emirates
43%
48Hong Kong
23%
Not Currently a CountrySerbia and Montenegro
12%

Score Distribution

Percentile by Number Answered

Percent of People with Each Score

Your Score History

You have not taken this quiz since the last reset